Применение газовой хроматографии / масс-спектрометрии в анализе натуральных стероидов; Химия и химическая технология в XXI веке; Т. 2

Bibliographic Details
Parent link:Химия и химическая технология в XXI веке: материалы XII Всероссийской научно-практической конференции студентов и молодых ученых с международным участием, Томск, 11-13 мая 2011 г./ Национальный исследовательский Томский политехнический университет (ТПУ), Институт природных ресурсов (ИПР).— , 2011
Т. 2.— 2011.— [С. 203-204]
Main Author: Соколова Л. С.
Other Authors: Струкова Е. Г. (научный руководитель), Ефремов А. А.
Summary:Заглавие с титульного листа
Электронная версия печатной публикации
Language:Russian
Published: 2011
Series:Секция 6. Охрана окружающей среды и экология Homo Sapiens
Subjects:
Online Access:http://www.lib.tpu.ru/fulltext/v/Conferences/2011/C6/C6a103.pdf
Format: Electronic Book Chapter
KOHA link:https://koha.lib.tpu.ru/cgi-bin/koha/opac-detail.pl?biblionumber=216359

MARC

LEADER 00000naa2a2200000 4500
001 216359
005 20260121164948.0
035 |a (RuTPU)RU\TPU\book\236328 
035 |a RU\TPU\book\236325 
090 |a 216359 
100 |a 20120523d2011 k y0rusy50 ca 
101 0 |a rus 
102 |a RU 
135 |a drnn ---uucaa 
181 0 |a i  
182 0 |a b 
200 1 |a Применение газовой хроматографии / масс-спектрометрии в анализе натуральных стероидов  |f Л. С. Соколова, Е. Г. Струкова  |g науч. рук. А. А. Ефремов 
203 |a Текст  |c электронный 
215 |a 1 файл (657 Кб) 
225 1 |a Секция 6. Охрана окружающей среды и экология Homo Sapiens 
300 |a Заглавие с титульного листа 
300 |a Электронная версия печатной публикации 
320 |a [Библиогр.: с. 204 (3 назв.)] 
337 |a Adobe Reader 
461 1 |0 (RuTPU)RU\TPU\book\218704  |t Химия и химическая технология в XXI веке  |o материалы XII Всероссийской научно-практической конференции студентов и молодых ученых с международным участием, Томск, 11-13 мая 2011 г.  |o в 2 т.  |f Национальный исследовательский Томский политехнический университет (ТПУ), Институт природных ресурсов (ИПР)  |d 2011 
463 1 |0 (RuTPU)RU\TPU\book\218881  |t Т. 2  |v [С. 203-204]  |d 2011 
610 1 |a натуральные стероиды 
610 1 |a половые стероиды 
610 1 |a анализ 
610 1 |a масс-спектрометрия 
610 1 |a газовая хроматография 
610 1 |a применение 
610 1 |a электронный ресурс 
700 1 |a Соколова  |b Л. С. 
701 1 |a Струкова  |b Е. Г. 
702 1 |a Ефремов  |b А. А.  |4 727 
801 1 |a RU  |b 63413507  |c 20120118 
801 2 |a RU  |b 63413507  |c 20130218  |g RCR 
856 4 |u http://www.lib.tpu.ru/fulltext/v/Conferences/2011/C6/C6a103.pdf 
942 |c CF